01167nam a2200337 i 450000100060000000300090000600500170001500800390003201500170007104000410008804100180012904600090014708000080015610000470016424500880021125000180029926000600031730000260037733600270040333700540043033800280048438000160051238800140052838800140054250400360055654600250059265000420061765800300065971000420068985600980073111213KOSZ 00520221116141006.0070620s1969 pl f 001 0 pol aPB 1969/4014 aWA NcWA NdKOSZ 005/RWdKOSZ 005/HR0 apolbengbrus k1969 a0051 aKowalewski, Stanisławd(1901-1984)eAutor10aPrzełożony - podwładny w świetle teorii organizacji /cStanisław Kowalewski. aWyd. 1, dodr. aWarszawa :bPaństwowe Wydawnictwo Ekonomiczne,c1969. a323, [1] s. ;c18 cm. 2rdacontentaTekstbtxt 2rdamediaaBez urządzenia pośredniczącegobn 2rdacarrieraWoluminbnc aKsiążki a1901-2000 a1945-1989 aBibliogr. s. [305]-315. Indeks. aStreszcz. ang., ros. 4aZarządzanie zasobami ludzkimi (HRM) aZarządzanie i marketing2 aPolskie Wydawnictwo Ekonomiczne4pbl. uhttp://koha.tu.koszalin.pl/cgi-bin/koha/opac-detail.pl?biblionumber=11213yKatalog online BPK